00570nam a22001697a 450000500170000000800400001702000180005705000260007510000190010124501080012025000110022826000460023930000250028565000340031065000310034470000250037520160307131501.0160307b us||||| |||| 00| 0 eng d a978178093032904aB2430 .S554bP45 20031 aChabot, Pascal14aThe philosophy of Simondon :bBetween Technology and Individuation /cPascal Chabot ; tr. Aliza Krefetz a1a ed. aLondon : bBloomsbury Publishing, c2013. aix, 156 p. ;c22 cm. 4aIndividuación xFilosofía 4aTecnología xFilosofía1 aKrefetz, Aliza,etr.